<?xml version="1.0" encoding="UTF-8"?>
<marc:record xmlns:marc="http://www.loc.gov/MARC21/slim">
   <marc:leader>00000nam a2200000 a 4500</marc:leader>
   <marc:datafield ind1="1" ind2=" " tag="100">
      <marc:subfield code="a">Linke-Grün, Gabriele</marc:subfield>
      <marc:subfield code="4">aut</marc:subfield>
      <marc:subfield code="e">Verfasser/-in</marc:subfield>
   </marc:datafield>
   <marc:datafield ind1="1" ind2=" " tag="100">
      <marc:subfield code="a">Wegler, Monika</marc:subfield>
      <marc:subfield code="4">aut</marc:subfield>
      <marc:subfield code="e">Verfasser/-in</marc:subfield>
   </marc:datafield>
   <marc:datafield ind1="0" ind2="0" tag="245">
      <marc:subfield code="a">Katzen verstehen lernen</marc:subfield>
   </marc:datafield>
   <marc:datafield ind1="0" ind2="0" tag="245">
      <marc:subfield code="b">der Mensch-Katze-Beziehungsratgeber</marc:subfield>
   </marc:datafield>
   <marc:datafield ind1="0" ind2="0" tag="245">
      <marc:subfield code="c">Gabriele Linke-Grün, Monika Wegler</marc:subfield>
   </marc:datafield>
   <marc:datafield ind1=" " ind2="1" tag="264">
      <marc:subfield code="a">München</marc:subfield>
      <marc:subfield code="b">Gräfe und Unzer Verlag GmbH</marc:subfield>
      <marc:subfield code="c">2017</marc:subfield>
   </marc:datafield>
   <marc:datafield ind1=" " ind2=" " tag="250">
      <marc:subfield code="a">1. Auflage</marc:subfield>
   </marc:datafield>
   <marc:datafield ind1="1" ind2=" " tag="520">
      <marc:subfield code="a">Angaben aus der Verlagsmeldung

Katzen verstehen lernen : Der Mensch-Katze-Beziehungsratgeber / von Gabriele Linke-Grün, Monika Wegler

Katzen lieben, kein Problem - Katzen verstehen, ein Phänomen? Das muss nicht sein! Mit diesem Ratgeber lösen Sie das Rätsel um das komplexe Wesen Ihrer Katze. Ihr geheimnisvoller Charakter beeindruckt und irritiert Besitzer oft gleichermaßen - im einen Moment sucht die Samtpfote Kuscheleinheiten, im nächsten geht der Haustiger gänzlich unbeirrt seine eigenen Wege. Wie soll man das nur verstehen? Die Katzenexpertin Gabriele Linke-Grün geht in Katzen verstehen lernen - Der Mensch-Katze-Beziehungsratgeber dem Wesen der Katze auf den Grund: Ausgehend von der Natur der Katze werden Rückschlüsse auf ihre optimale Haltung gezogen. Und das Besondere: Katzen erklären selbst, wie sie ticken - Was ist wichtig beim Kauf eines Kratzbaumes oder wo ist der richtige Platz für das Katzenklo? Katzen wissen selbst am besten was sie wollen, also kommen sie hier zu Wort! Lassen Sie sich überraschen vom Perspektivenwechsel und machen Sie sich auf zahlreiche Aha-Momente gefasst!
</marc:subfield>
   </marc:datafield>
   <marc:datafield ind1=" " ind2=" " tag="020">
      <marc:subfield code="a">9783833859861</marc:subfield>
      <marc:subfield code="9">9783833859861</marc:subfield>
   </marc:datafield>
   <marc:datafield ind1=" " ind2=" " tag="020">
      <marc:subfield code="a">3833859865</marc:subfield>
      <marc:subfield code="9">3833859865</marc:subfield>
   </marc:datafield>
   <marc:datafield ind1=" " ind2=" " tag="041">
      <marc:subfield code="a">ger</marc:subfield>
   </marc:datafield>
   <marc:datafield ind1=" " ind2=" " tag="300">
      <marc:subfield code="a">144 Seiten</marc:subfield>
   </marc:datafield>
</marc:record>
